000 00646nam a2200241Ia 4500
003 OSt
005 20220912145759.0
006 a|||||r|||| 00| 0
007 ta
008 220909b |||||||| |||| 00| 0 eng d
024 _a75817
037 _cTextual
040 _aCSL
_beng
_cCSL
041 _aeng
082 _aBv73:N38<-M88, G8.2-;2
100 _aAmerican mathematical society
245 0 _aSemicentennial addresses;New York ,1938
260 _c1938
300 _ap.
_ccm.
650 _aMathematics
942 _hBv73:N38<-M88, G8.2-;2
_cTEXL
_2CC
999 _c38098
_d38098